000 01140nam a22003257a 4500
003 CHAP
005 20220329140126.0
008 971013s1976 r 00010 d
010 _a47366
011 _a48338
035 _a52483
040 _cCHAP
082 _a581.16
_bV3
100 0 0 _aVan den Ende, H.
_9117717
245 _aSexual interactions in plants
_b: the role of specific substances in sexual reproduction
260 _aNew York :
_bAcademic Press,
_c1976
300 _a186 p.
_b: ilus.
490 _aExperimental botany: An international series of monographs
_v; 9
590 _aBATCH-UPD
_b10
_c20130110
_lUCH01
_h0008
590 _aBATCH-UPD
_b10
_c20130110
_lUCH01
_h2020
590 _aBATCH-UPD
_b10
_c20130410
_lUCH01
_h1338
590 _aBATCH-UPD
_b10
_c20130914
_lUCH01
_h1336
590 _aCONVERSION
_b10
_c20130109
_lUCH01
_h1326
650 1 4 _aPlantas
_xReproducción.
_988879
650 1 4 _aSexo en plantas.
_9105419
830 0 _aExperimental botany: An international series of monographs
_v; 9
_939064
901 _aBK
942 _cLIBRO
949 _a581.16 V3
_bBC
_cLIBRO
_d33724000510418
_eLIBRO
_h33265
_i52483
_si
_t5.40
999 _c47366
_d47366